[Event "Chigorin Memorial 18th"]
[Site "St Petersburg"]
[Date "2010.10.29"]
[Round "2"]
[White "Murashova, Ekaterina"]
[Black "Belotserkovsky, Dmitry"]
[Result "1-0"]
[WhiteElo "2260"]
[BlackElo "2012"]
[PlyCount "103"]
[EventDate "2010.10.28"]
[EventType "swiss"]
[EventRounds "9"]
[EventCountry "RUS"]
[SourceTitle "EXT 2011"]
[Source "ChessBase"]
[SourceDate "2010.11.26"]
[SourceVersion "1"]
[SourceVersionDate "2010.11.26"]
[SourceQuality "1"]

1. e4 c5 2. Nf3 d6 3. d4 cxd4 4. Nxd4 Nf6 5. Nc3 a6 6. f3 e5 7. Nb3 Be6 8. Be3 Be7 9. Qd2 0-0 10. 0-0-0 Nbd7 11. g4 b5 12. Rg1 b4 13. Nd5 Bxd5 14. exd5 Nb6 15. Na5 Nfxd5 16. Nc6 Qc7 17. Nxe7+ Qxe7 18. Bxb6 Nxb6 19. Qxd6 Qg5+ 20. Qd2 Qe7 21. Bd3 Rfd8 22. Qe3 Nd5 23. Bxh7+ Kxh7 24. Rxd5 Rxd5 25. Qe4+ Kg8 26. Qxd5 Rd8 27. Qe4 Qc5 28. Re1 Rc8 29. g5 Qf2 30. Rd1 Qxh2 31. Qf5 Rf8 32. b3 Qe2 33. g6 Qe3+ 34. Kb1 Qc5 35. f4 Qe7 36. fxe5 fxg6 37. Qxg6 Qxe5 38. Qxa6 Qe4 39. Qd3 Re8 40. Qd5+ Re6 41. Kb2 Qe2 42. Rd4 Qe1 43. Rxb4 Qxb4 44. Qxe6+ Kh7 45. a4 Qd4+ 46. Ka2 g5 47. a5 g4 48. a6 Qg7 49. Qe4+ Kh6 50. Qe3+ Kh5 51. a7 Qb7 52. Qe8+ 1-0

[Event "Dmitrov op"]
[Site "Dmitrov"]
[Date "2010.08.18"]
[Round "8"]
[White "Rudenok, Tatiana"]
[Black "Belotserkovsky, Dmitry"]
[Result "1-0"]
[WhiteElo "1944"]
[BlackElo "1978"]
[PlyCount "49"]
[EventDate "2010.08.14"]
[EventType "swiss"]
[EventRounds "9"]
[EventCountry "RUS"]
[SourceTitle "CBM 138 Extra"]
[Source "ChessBase"]
[SourceDate "2010.10.29"]
[SourceVersion "1"]
[SourceVersionDate "2010.10.29"]
[SourceQuality "1"]

1. e4 e6 2. d4 d5 3. Nc3 Nf6 4. e5 Nfd7 5. f4 c5 6. Nf3 Nc6 7. Be3 cxd4 8. Nxd4 Bc5 9. Qd2 Ncxe5 10. fxe5 Nxe5 11. 0-0-0 0-0 12. Nf3 Nxf3 13. gxf3 Be7 14. Rg1 Bf6 15. Bd3 d4 16. Qg2 Kh8 17. Be4 Qb6 18. Na4 Qb4 19. Bxd4 Bxd4 20. c3 Bxc3 21. Nxc3 g6 22. Qg5 f6 23. Qh6 f5 24. Rxg6 Qe7 25. Rdg1 1-0

[Event "Dmitrov op"]
[Site "Dmitrov"]
[Date "2010.08.16"]
[Round "5"]
[White "Belotserkovsky, Dmitry"]
[Black "Bivol, Alina"]
[Result "1/2-1/2"]
[WhiteElo "1978"]
[BlackElo "2017"]
[PlyCount "75"]
[EventDate "2010.08.14"]
[EventType "swiss"]
[EventRounds "9"]
[EventCountry "RUS"]
[SourceTitle "CBM 138 Extra"]
[Source "ChessBase"]
[SourceDate "2010.10.29"]
[SourceVersion "1"]
[SourceVersionDate "2010.10.29"]
[SourceQuality "1"]

1. e4 e6 2. d4 d5 3. Nc3 Bb4 4. e5 c5 5. a3 Ba5 6. b4 cxd4 7. Qxd4 Bc7 8. f4 a6 9. Nf3 Ne7 10. Qd1 Bb6 11. Bd3 Nec6 12. Bb2 Qc7 13. Ne2 Bd7 14. Nfd4 Nxd4 15. Nxd4 Nc6 16. Nxc6 Bxc6 17. Qe2 0-0-0 18. 0-0-0 Kb8 19. Kb1 Rc8 20. Rc1 Rhd8 21. f5 g6 22. f6 d4 23. c3 dxc3 24. Rxc3 Qd7 25. Rd1 Qe8 26. Rcc1 Ba4 27. Rxc8+ Rxc8 28. Rc1 Rd8 29. Be4 Qd7 30. Qf3 Ka7 31. Bc3 Bb3 32. Kb2 Bd5 33. Rd1 Bxe4 34. Rxd7 Bxf3 35. Rxd8 Bxd8 36. gxf3 Kb6 37. Kb3 Kc6 38. Kc4 1/2-1/2

[Event "Moscow Petrosian Memorial U18"]
[Site "Moscow"]
[Date "2007.01.??"]
[Round "4"]
[White "Belotserkovsky, Dmitry"]
[Black "Vakhlamov, Igor L"]
[Result "0-1"]
[WhiteElo "1999"]
[BlackElo "1909"]
[PlyCount "86"]
[EventDate "2007.01.??"]
[EventType "swiss"]
[EventRounds "9"]
[EventCountry "RUS"]
[SourceTitle "EXT 2008"]
[Source "ChessBase"]
[SourceDate "2007.11.25"]
[SourceVersion "1"]
[SourceVersionDate "2007.11.25"]
[SourceQuality "1"]

1. e4 c5 2. Nf3 Nc6 3. d4 cxd4 4. Nxd4 g6 5. Nc3 Bg7 6. Be3 Nf6 7. Bc4 0-0 8. f3 Qb6 9. Qd2 Nxe4 10. Nxe4 Bxd4 11. Bxd4 Qxd4 12. Qxd4 Nxd4 13. 0-0-0 Nc6 14. Rhe1 d6 15. Nc3 Rd8 16. Bb5 Be6 17. Ne4 h6 18. a3 a6 19. Bxc6 bxc6 20. Rd4 c5 21. Rd2 Rdb8 22. Nc3 Rb7 23. Nd5 Bxd5 24. Rxd5 Rd8 25. Red1 Rbd7 26. c4 Kf8 27. R5d3 Rb7 28. f4 Rdb8 29. R1d2 Rb3 30. g4 Kg7 31. h4 R8b7 32. Rc3 Rxc3+ 33. bxc3 Rb3 34. Kc2 Rxa3 35. Kb2 Ra4 36. Kb3 Ra1 37. Re2 Kf8 38. g5 Rh1 39. gxh6 Rxh4 40. Ra2 Rxh6 41. Rxa6 Rh4 42. Ra8+ Kg7 43. Ra7 Kf6 0-1

[Event "Moscow Petrosian Memorial U18"]
[Site "Moscow"]
[Date "2007.01.??"]
[Round "1"]
[White "Prikhodko, Petr"]
[Black "Belotserkovsky, Dmitry"]
[Result "1-0"]
[WhiteElo "2179"]
[BlackElo "1999"]
[PlyCount "71"]
[EventDate "2007.01.??"]
[EventType "swiss"]
[EventRounds "9"]
[EventCountry "RUS"]
[SourceTitle "EXT 2008"]
[Source "ChessBase"]
[SourceDate "2007.11.25"]
[SourceVersion "1"]
[SourceVersionDate "2007.11.25"]
[SourceQuality "1"]

1. d4 d5 2. Bg5 Nf6 3. e3 e6 4. Bd3 Be7 5. f4 h6 6. Bxf6 Bxf6 7. Nf3 0-0 8. 0-0 b6 9. Qe2 Bd7 10. Nbd2 c5 11. c3 g6 12. Ne5 Nc6 13. Ndf3 Ne7 14. Kh1 h5 15. g4 hxg4 16. Nxg4 Nf5 17. Nxf6+ Qxf6 18. Ne5 Rad8 19. Rg1 Kg7 20. Rg5 Rh8 21. Rag1 c4 22. Bb1 Rh3 23. Bxf5 exf5 24. Nxg6 fxg6 25. Rxg6+ Qxg6 26. Rxg6+ Kxg6 27. Qg2+ Kf6 28. Qxh3 Rg8 29. Qh4+ Kf7 30. Qh5+ Kf6 31. Qh6+ Rg6 32. Qh8+ Kf7 33. Qe5 Re6 34. Qxf5+ Ke7 35. Qg4 Kd6 36. f5 1-0

[Event "Moscow Petrosian Memorial U18"]
[Site "Moscow"]
[Date "2007.01.??"]
[Round "9"]
[White "Ustinov, Alexey"]
[Black "Belotserkovsky, Dmitry"]
[Result "1/2-1/2"]
[WhiteElo "1986"]
[BlackElo "1999"]
[PlyCount "106"]
[EventDate "2007.01.??"]
[EventType "swiss"]
[EventRounds "9"]
[EventCountry "RUS"]
[SourceTitle "EXT 2008"]
[Source "ChessBase"]
[SourceDate "2007.11.25"]
[SourceVersion "1"]
[SourceVersionDate "2007.11.25"]
[SourceQuality "1"]

1. e4 e5 2. Nf3 Nc6 3. Bc4 Bc5 4. 0-0 Nf6 5. Nc3 0-0 6. d3 d6 7. Bg5 Be6 8. Nd5 Bxd5 9. Bxd5 h6 10. Bxf6 Qxf6 11. c3 Rfe8 12. b4 Bb6 13. Nd2 a6 14. Qa4 a5 15. Bxc6 bxc6 16. Qxc6 axb4 17. cxb4 Reb8 18. a4 Ra6 19. b5 Ra7 20. Nb3 Qe6 21. Qc3 Rab7 22. Ra3 Qf6 23. Na5 Bxa5 24. Qxa5 Qf4 25. Qc3 f5 26. Qc4+ Kh8 27. a5 Rxb5 28. a6 Rb1 29. Ra1 Rxf1+ 30. Rxf1 fxe4 31. Qxc7 Rf8 32. dxe4 Qxe4 33. Qxd6 Kg8 34. a7 Ra8 35. h3 Kh7 36. Qb6 Qa4 37. Qc5 Rxa7 38. Qxe5 Rf7 39. Re1 Qc2 40. Qe3 g6 41. h4 Qf5 42. Qd4 g5 43. Re8 Qf6 44. Qd3+ Kg7 45. Qg3 Qf4 46. hxg5 hxg5 47. Qc3+ Qf6 48. Qe3 Qa1+ 49. Kh2 Qf6 50. Kg1 Qa1+ 51. Kh2 Qf6 52. Re6 Qf4+ 53. Qxf4 Rxf4 1/2-1/2